Basic civil engineering and engineering mechanics (Record no. 8785)
[ view plain ]
| 000 -LEADER | |
|---|---|
| fixed length control field | 00338nam a2200133 4500 |
| 003 - CONTROL NUMBER IDENTIFIER | |
| control field | OSt |
| 005 - DATE AND TIME OF LATEST TRANSACTION | |
| control field | 20210107165524.0 |
| 008 - FIXED-LENGTH DATA ELEMENTS--GENERAL INFORMATION | |
| fixed length control field | 210107b ||||| |||| 00| 0 eng d |
| 082 ## - DEWEY DECIMAL CLASSIFICATION NUMBER | |
| Classification number | 620 |
| Item number | RAM |
| 100 ## - MAIN ENTRY--PERSONAL NAME | |
| Personal name | Ramamrutham S |
| 245 ## - TITLE STATEMENT | |
| Title | Basic civil engineering and engineering mechanics |
| 260 ## - PUBLICATION, DISTRIBUTION, ETC. (IMPRINT) | |
| Name of publisher, distributor, etc | Dhanpat rai pulishing company |
| 942 ## - ADDED ENTRY ELEMENTS (KOHA) | |
| Source of classification or shelving scheme | |
| Withdrawn status | Lost status | Source of classification or shelving scheme | Damaged status | Koha normalized classification for sorting | Not for loan | Permanent location | Current location | Date acquired | Full call number | Barcode | Date last seen | Price effective from | Koha item type | Total Checkouts | Date last borrowed |
|---|---|---|---|---|---|---|---|---|---|---|---|---|---|---|---|
| 620_000000000000000_RAM | BMS College of Architecture, Design and Planning | BMS College of Architecture, Design and Planning | 2021-01-07 | 620 RAM | AR-UG1989 | 2021-01-07 | 2021-01-07 | UG Books | |||||||
| 620_000000000000000_RAM | BMS College of Architecture, Design and Planning | BMS College of Architecture, Design and Planning | 2021-01-07 | 620 RAM | AR-UG1990 | 2021-01-07 | 2021-01-07 | UG Books | |||||||
| 620_000000000000000_RAM | BMS College of Architecture, Design and Planning | BMS College of Architecture, Design and Planning | 2021-02-04 | 620 RAM | AR-UG1986 | 2021-02-04 | 2021-02-04 | UG Books | |||||||
| 620_000000000000000_RAM | BMS College of Architecture, Design and Planning | BMS College of Architecture, Design and Planning | 2021-02-04 | 620 RAM | AR-UG1987 | 2023-09-22 | 2021-02-04 | UG Books | 1 | 2023-09-12 | |||||
| 620_000000000000000_RAM | BMS College of Architecture, Design and Planning | BMS College of Architecture, Design and Planning | 2021-02-04 | 620 RAM | AR-UG1988 | 2021-02-04 | 2021-02-04 | UG Books |